Human relations / (Record no. 26099)
[ view plain ]
| 000 -LEADER | |
|---|---|
| fixed length control field | 00938cam a22002895a 4500 |
| 008 - FIXED-LENGTH DATA ELEMENTS--GENERAL INFORMATION | |
| fixed length control field | 100204s2011 at a frb 001 0 eng d |
| 020 ## - INTERNATIONAL STANDARD BOOK NUMBER | |
| International Standard Book Number | 9780538466639 (pbk.) |
| 020 ## - INTERNATIONAL STANDARD BOOK NUMBER | |
| International Standard Book Number | 0538466634 (pbk.) |
| 040 ## - CATALOGING SOURCE | |
| Original cataloging agency | StDuBDS |
| Language of cataloging | eng |
| Transcribing agency | StDuBDS |
| Modifying agency | Uk |
| -- | EG-ScBUE |
| 042 ## - AUTHENTICATION CODE | |
| Authentication code | ukblcatcopy |
| 082 04 - DEWEY DECIMAL CLASSIFICATION NUMBER | |
| Classification number | 302 |
| Edition number | 22 |
| Item number | REE |
| 100 1# - MAIN ENTRY--PERSONAL NAME | |
| Personal name | Reece, Barry L. |
| 245 10 - TITLE STATEMENT | |
| Title | Human relations / |
| Statement of responsibility, etc | Barry L. Reece, Rhonda Brandt, Karen F. Howie. |
| 250 ## - EDITION STATEMENT | |
| Edition statement | 11th ed. |
| 260 ## - PUBLICATION, DISTRIBUTION, ETC. (IMPRINT) | |
| Place of publication, distribution, etc | Australia : |
| Name of publisher, distributor, etc | South-Western Cengage Learning, |
| Date of publication, distribution, etc | c2011. |
| 300 ## - PHYSICAL DESCRIPTION | |
| Extent | xxiv, 449 p. : |
| Other physical details | ill. ; |
| Dimensions | 26 cm. |
| 500 ## - GENERAL NOTE | |
| General note | "International edition"--cover. |
| 500 ## - GENERAL NOTE | |
| General note | Formerly CIP. |
| Institution to which field applies | Uk |
| 504 ## - BIBLIOGRAPHY, ETC. NOTE | |
| Bibliography, etc | Includes bibliographical references and index. |
| 650 #7 - SUBJECT ADDED ENTRY--TOPICAL TERM | |
| Topical term or geographic name as entry element | Interpersonal relations |
| Source of heading or term | BUEsh |
| 9 (RLIN) | 820 |
| 650 #7 - SUBJECT ADDED ENTRY--TOPICAL TERM | |
| Topical term or geographic name as entry element | Communication in organizations. |
| Source of heading or term | BUEsh |
| 651 ## - SUBJECT ADDED ENTRY--GEOGRAPHIC NAME | |
| Source of heading or term | BUEsh |
| 653 ## - INDEX TERM--UNCONTROLLED | |
| Arrived date list | February2018 |
| 700 1# - ADDED ENTRY--PERSONAL NAME | |
| Personal name | Brandt, Rhonda. |
| 9 (RLIN) | 1463 |
| 700 1# - ADDED ENTRY--PERSONAL NAME | |
| Personal name | Howie, Karen F. |
| 942 ## - ADDED ENTRY ELEMENTS (KOHA) | |
| Source of classification or shelving scheme | Dewey Decimal Classification |
| Withdrawn status | Item status | Source of classification or shelving scheme | Damaged status | Not for loan | Home library | Current library | Shelving location | Date acquired | Total Checkouts | Total Renewals | Full call number | Barcode | Checked out | Date last seen | Date last borrowed | Koha item type |
|---|---|---|---|---|---|---|---|---|---|---|---|---|---|---|---|---|
| Dewey Decimal Classification | Central Library | Central Library | First floor | 05/02/2018 | 2 | 1 | 302 REE | 000042727 | 18/10/2025 | 17/09/2025 | 17/09/2025 | Book - Borrowing |